000 00677nam a22002417a 4500
001 48043
003 UA-OsUOA
005 20231003150922.0
007 ta
008 20070827b un ||||| |||| 00| 0 ukr d
040 _aUA-OsUOA
_bukr
_cUA-OsUOA
_dUA-OsUOA
041 _aukr
080 _a82.09
090 _a82.09
_bН73
100 _aНовиченко Л.
245 _aШевченко і сучасність
260 _aК.
_c1964
_bДніпро
300 _a95 с.
650 7 _a82 Література. Літературознавство
_2UDC
942 _cBK
_2udc
955 _a2
999 _c334142
_d334142